| 000 | 00483nam a2200181 4500 | ||
|---|---|---|---|
| 003 | SEACOMMC | ||
| 005 | 20250506153905.0 | ||
| 008 | 250317b |||||||| |||| 00| 0 eng d | ||
| 020 |
_a 81-7660-37-7. _cRs.210.00 |
||
| 040 | _aSEACOMMC | ||
| 082 |
_a346.07 _bV 411 |
||
| 100 | _a Vechalekar, N. M. | ||
| 245 | 1 |
_aBusiness Law / _cN. M. Vechalekar |
|
| 250 | _a12th rev.& enl, ed. | ||
| 260 |
_a Kolkata _b Everest Publishing House _c 2008 |
||
| 650 | _a Business Law | ||
| 942 | _cBOOK | ||
| 999 |
_c1131 _d1131 |
||